Normal view
MARC view
- Plant development
Entry Topical Term
001 - CONTROL NUMBER
- control field: 132636
003 - CONTROL NUMBER IDENTIFIER
- control field: NUST
005 - DATE AND TIME OF LATEST TRANSACTION
- control field: 20251230151944.0
008 - FIXED-LENGTH DATA ELEMENTS
- fixed length control field: 251230|| aca||aabn | a|a d
040 ## - CATALOGING SOURCE
- Original cataloging agency: NUST
- Transcribing agency: NUST
150 ## - HEADING--TOPICAL TERM
- Topical term or geographic name entry element: Plant development
670 ## - SOURCE DATA FOUND
- Source citation: Work cat.: (NUST)0: Plant and Human Health, Volume 2 :
